000 01123cab a22002055a 4500
001 L138723
008 070705s2007 xxkdo f 000 0 eng d
035 _a(Sirsi) u138723
041 0 _aeng
100 1 _aRobertson, John
245 0 4 _aThe economic effects of regional shopping centres
260 _c2007
490 _aJournal of Retail and Leisure Property
_v6(2) April 2007, 149-170(22)
520 _aUses research studies to examine the positive and negative effects of shopping centres on local markets. The employment, labour market and expenditure benefits to local and regional economies are assessed. The attraction of new investment to areas is considered. Links with tourism and regeneration are also examined. Considers the likely effects of government planning policy on the future of Regional Shopping Centres. They may become focal points for sustainable communities.
590 _aKA
651 4 _aUnited Kingdom
_y
690 _aPROPERTY-COMMERCIAL PROPERTY-RETAIL PROPERTY-OUT OF TOWN RETAIL PROPERTY-OUT OF TOWN SHOPPING CENTRE, MALL AND ARCADE PROPERTY
700 1 _aFennell, James
942 _n0
999 _c78972
_d78972